000 00678nam a2200145 a 4500
008 220621s2001 ||||||||||||||||| || u
050 _aCBU(05)C/2001
110 _aCopperbelt University
245 1 0 _aCBU Courier. March 2001
_cBy Copperbelt University(CBU)
260 _aKitwe
_bCopperbelt University
_c2001
300 _a13 pages : illustrations
650 _aCOPPERBELT UNIVERSITY--PERIODICALS
995 _aSPECIAL COLLECTIONS
_e4798
_FCBU-MAIN LIBRARY (Kitwe)
_jCBU(05)C/2001/1A
_M1
_UAVAILABLE
_WJun 21, 2022
_yB4798
_ZUniversity Collection
995 _aSPECIAL COLLECTIONS
_e4799
_FCBU-MAIN LIBRARY (Kitwe)
_jCBU(05)C/2001/1B
_M2
_UAVAILABLE
_WJun 21, 2022
_yB4799
_ZUniversity Collection
999 _c79219
_d79219